| 000 | 00390nam a22001337a 4500 | ||
|---|---|---|---|
| 082 |
_a621.38234 _bGOD _cL-11, P-39. |
||
| 100 |
_aGodfrey, J.W. _941636 |
||
| 245 |
_aSound Recording & Reproduction _cGodfrey, J.W. |
||
| 260 |
_aLondon. _bIliffe & Sons. _cc1952. |
||
| 300 |
_a1, 271 p. : _bill. : _c18 cm. |
||
| 526 |
_a0 _b0 _c0 _d621_382340000000000_GOD |
||
| 650 |
_aMCE _9379 |
||
| 942 |
_2ddc _cBK |
||
| 999 |
_c545690 _d545690 |
||